El amor es una droga dura
Guardat en:
| Autor principal: | |
|---|---|
| Format: | Llibre |
| Idioma: | espanyol |
| Publicat: |
Barcelona
Seix Barral
1999
|
| Edició: | 2a. ed |
| Col·lecció: | Seix Barral Biblioteca Breve
|
| Matèries: | |
| Etiquetes: |
Afegir etiqueta
Sense etiquetes, Sigues el primer a etiquetar aquest registre!
|
MARC
| LEADER | 00000nam a2200000 a 4500 | ||
|---|---|---|---|
| 001 | UCN7005 | ||
| 003 | CL-VaPUC | ||
| 008 | 011012e19991100SP |||||||||||||||||spa|d | ||
| 082 | 0 | 4 | |a Ur863 |b PER |2 21 |
| 100 | 0 | |a Peri Rossi, Cristina |e author |9 462828 | |
| 245 | 1 | 3 | |a El amor es una droga dura |
| 250 | |a 2a. ed | ||
| 300 | |a 255 p | ||
| 942 | |c BK | ||
| 945 | |d 20011012 00:00:00 |a cmena | ||
| 260 | |a Barcelona |b Seix Barral |c 1999 | ||
| 650 | 0 | |a Novelas uruguayas |9 317140 | |
| 650 | 0 | |a Literatura uruguaya |9 342815 | |
| 583 | |a last modification |c 20011012 00:00:00 |k Rodrigo Vera | ||
| 490 | 0 | |a Seix Barral Biblioteca Breve | |
| 999 | |c 297540 |d 297538 | ||
| 952 | |0 0 |1 0 |4 0 |6 UR_863_000000000000000_PER_1999 |7 0 |8 A |9 352394 |a BIBEDU |b BIBEDU |c ES_NOD |d 2019-11-21 |i 3677087 |l 5 |o Ur863 PER 1999 |p 3677087 |r 2024-08-27 |s 2024-08-21 |w 2019-11-21 |y BK |k LIT | ||